Cinta 365 hari

Bibliographic Details
Main Author: Norzailina Nordin (Author)
Format: Book
Language:Malay
Published: Shah Alam : Alaf 21 2010
Subjects:

MARC

LEADER 00000cam a2200000 7i4500
001 0000029944
005 20220815.0
008 220809 my may
020 |a 9789831244920 
040 |a INS   |b eng   |e rda 
090 0 0 |a PL5186.N67   |b C58 2010 
100 0 |a Norzailina Nordin ,   |e author 
245 1 0 |a Cinta 365 hari   |c Norzailina Nordin 
264 1 |a Shah Alam :   |b Alaf 21   |c 2010 
300 |a 507 pages ;   |c 19 cm. 
336 |a text  |2 rdacontent 
337 |a unmediated  |2 rdamedia 
338 |a volume  |2 rdacarrier 
650 1 0 |a Malay fiction 
999 |a 0000024854   |b BOOK   |c Open Shelf   |e Default branch